| 000 | 00329nam a22001217a 4500 | ||
|---|---|---|---|
| 999 |
_c13745 _d13745 |
||
| 020 | _a978-1260288360 | ||
| 082 | _a657 | ||
| 100 | _aThomas Edmonds ; Christopher Edmonds | ||
| 245 | _aIntroductory Financial Accounting for Business | ||
| 260 |
_aNew York _bMcGraw Hill Education _c2019 |
||
| 300 | _axxxiii, 761 pages | ||
| 942 | _cBK | ||